Masonry design and detailing : (Record no. 8372)
[ view plain ]
| 000 -LEADER | |
|---|---|
| fixed length control field | 00781cam a22002294a 4500 |
| 001 - CONTROL NUMBER | |
| control field | 13319983 |
| 005 - DATE AND TIME OF LATEST TRANSACTION | |
| control field | 20251124201135.0 |
| 008 - FIXED-LENGTH DATA ELEMENTS--GENERAL INFORMATION | |
| fixed length control field | 030821s2004 nyua b 001 0 eng |
| 020 ## - INTERNATIONAL STANDARD BOOK NUMBER | |
| International Standard Book Number | 0071377344 |
| 020 ## - INTERNATIONAL STANDARD BOOK NUMBER | |
| International Standard Book Number | 9780071377348 |
| 050 00 - LIBRARY OF CONGRESS CALL NUMBER | |
| Classification number | TA670 |
| Item number | .B42 2004 |
| 082 00 - DEWEY DECIMAL CLASSIFICATION NUMBER | |
| Classification number | 693/.1 |
| Edition information | 22 |
| 100 1# - MAIN ENTRY--PERSONAL NAME | |
| Personal name | Beall, Christine. |
| 245 10 - TITLE STATEMENT | |
| Title | Masonry design and detailing : |
| Remainder of title | for architects and contractors / |
| Statement of responsibility, etc. | Christine Beall. |
| 250 ## - EDITION STATEMENT | |
| Edition statement | 5th ed. |
| 260 ## - PUBLICATION, DISTRIBUTION, ETC. | |
| Place of publication, distribution, etc. | New York : |
| Name of publisher, distributor, etc. | McGraw-Hill, |
| Date of publication, distribution, etc. | c2004. |
| 300 ## - PHYSICAL DESCRIPTION | |
| Extent | xvii, 639 p. : |
| Other physical details | ill. ; |
| Dimensions | 29 cm. |
| 650 #0 - SUBJECT ADDED ENTRY--TOPICAL TERM | |
| Topical term or geographic name entry element | Masonry. |
| 856 42 - ELECTRONIC LOCATION AND ACCESS | |
| Materials specified | Contributor biographical information |
| Uniform Resource Identifier | <a href="http://www.loc.gov/catdir/bios/mh041/2003061579.html">http://www.loc.gov/catdir/bios/mh041/2003061579.html</a> |
| 856 41 - ELECTRONIC LOCATION AND ACCESS | |
| Materials specified | Table of contents |
| Uniform Resource Identifier | <a href="http://www.loc.gov/catdir/toc/mh041/2003061579.html">http://www.loc.gov/catdir/toc/mh041/2003061579.html</a> |
| 942 ## - ADDED ENTRY ELEMENTS (KOHA) | |
| Source of classification or shelving scheme | Library of Congress Classification |
| Koha item type | Books |
| Edition | 5th ed. |
| Suppress in OPAC | No |
| 999 ## - | |
| -- | 8372 |
| -- | 8372 |
| Withdrawn status | Lost status | Source of classification or shelving scheme | Damaged status | Not for loan | Collection | Home library | Current library | Shelving location | Date acquired | Total checkouts | Full call number | Barcode | Date last seen | Copy number | Price effective from | Koha item type |
|---|---|---|---|---|---|---|---|---|---|---|---|---|---|---|---|---|
| Library of Congress Classification | Non-fiction | Science Library (Miotso) | Science Library (Miotso) | General stacks | 11/24/2025 | TA670 .B42 BEA | SLM00006154 | 11/24/2025 | 1 | 11/24/2025 | Books | |||||
| Library of Congress Classification | Non-fiction | Science Library (Miotso) | Science Library (Miotso) | General stacks | 11/24/2025 | TA670 .B42 BEA | SLM00006155 | 11/24/2025 | 2 | 11/24/2025 | Books | |||||
| Library of Congress Classification | Non-fiction | Science Library (Miotso) | Science Library (Miotso) | General stacks | 11/24/2025 | TA670 .B42 BEA | SLM00006156 | 11/24/2025 | 3 | 11/24/2025 | Books | |||||
| Library of Congress Classification | Non-fiction | Science Library (Miotso) | Science Library (Miotso) | General stacks | 11/24/2025 | TA670 .B42 BEA | SLM00006157 | 11/24/2025 | 4 | 11/24/2025 | Books | |||||
| Library of Congress Classification | Non-fiction | Science Library (Miotso) | Science Library (Miotso) | General stacks | 11/24/2025 | TA670 .B42 BEA | SLM00006158 | 11/24/2025 | 5 | 11/24/2025 | Books |